[Event "Passau op 7th"]
[Site "Passau"]
[Date "1999.04.05"]
[Round "7"]
[White "Drexel, Michael"]
[Black "Koenig, Dietrich"]
[Result "1-0"]
[WhiteElo "2200"]
[BlackElo "2328"]
[PlyCount "84"]
[EventDate "1999.04.02"]
[EventType "swiss"]
[EventRounds "7"]
[EventCountry "GER"]
[SourceTitle "EXT 2000"]
[Source "ChessBase"]
[SourceDate "1999.11.16"]
[SourceVersion "1"]
[SourceVersionDate "1999.11.16"]
[SourceQuality "1"]

1. Nf3 Nf6 2. c4 d6 3. Nc3 Bg4 4. e3 e5 5. h3 Bh5 6. Be2 Be7 7. 0-0 c6 8. Qc2 Nbd7 9. d4 0-0 10. b3 Qc7 11. Bb2 Rfe8 12. Rfd1 Bf8 13. Rd2 Bg6 14. Qd1 h6 15. Rc1 a6 16. Nh2 Rad8 17. Nf1 Qb8 18. Ba3 b5 19. dxe5 dxe5 20. Bxf8 Kxf8 21. cxb5 cxb5 22. Ng3 Nc5 23. b4 Rxd2 24. Qxd2 Rd8 25. Qb2 Nd3 26. Bxd3 Bxd3 27. Rd1 e4 28. Nce2 Rc8 29. Rc1 Rc4 30. Rxc4 bxc4 31. Nc3 Qe5 32. Qa3 Kg8 33. Nf1 Nd5 34. Nxd5 Qa1 35. Kh2 Qxf1 36. Qb2 Qd1 37. Nc3 Qh5 38. a4 Qg5 39. Kh1 Qf6 40. b5 axb5 41. axb5 Qb6 42. Qb4 h5 1-0

[Event "Passau op 7th"]
[Site "Passau"]
[Date "1999.04.04"]
[Round "5"]
[White "Koenig, Dietrich"]
[Black "Heyne, Martin"]
[Result "1/2-1/2"]
[WhiteElo "2328"]
[BlackElo "2167"]
[PlyCount "109"]
[EventDate "1999.04.02"]
[EventType "swiss"]
[EventRounds "7"]
[EventCountry "GER"]
[SourceTitle "EXT 2000"]
[Source "ChessBase"]
[SourceDate "1999.11.16"]
[SourceVersion "1"]
[SourceVersionDate "1999.11.16"]
[SourceQuality "1"]

1. d4 c5 2. e3 Nf6 3. c4 b6 4. Nc3 Bb7 5. Nf3 e6 6. Bd3 d5 7. 0-0 Be7 8. cxd5 exd5 9. b3 0-0 10. Bb2 Nc6 11. Ne2 Ne4 12. Rc1 Bd6 13. Ng3 Nxg3 14. hxg3 Ne7 15. Qe2 Ng6 16. Rc2 Qe7 17. Rfc1 Rfc8 18. Ba6 Nf8 19. Bxb7 Qxb7 20. Qd3 Rd8 21. Rd1 Be7 22. Rcd2 Rac8 23. dxc5 bxc5 24. Qf5 c4 25. bxc4 dxc4 26. Rxd8 Rxd8 27. Rxd8 Bxd8 28. Qc2 Qa6 29. Bd4 Ba5 30. Ne5 c3 31. Qb3 Qe6 32. Nc4 Bd8 33. Qxc3 Bf6 34. Bxf6 gxf6 35. Qd4 Ng6 36. a4 Qc6 37. a5 a6 38. Nd6 Ne5 39. Nf5 Qc7 40. Qb4 h5 41. f3 Nxf3+ 42. gxf3 Qc1+ 43. Kf2 Qc2+ 44. Ke1 Qxf5 45. Ke2 Kg7 46. e4 Qh3 47. Qe1 Qc8 48. Kf2 Qc5+ 49. Kg2 Kg6 50. Qd2 Qc4 51. Qe1 Qd3 52. f4 f5 53. exf5+ Qxf5 54. Qc3 Qe4+ 55. Kh2 1/2-1/2

[Event "Oberwart op"]
[Site "Oberwart"]
[Date "1999.??.??"]
[Round "1"]
[White "Danner, Georg"]
[Black "Koenig, Dietrich"]
[Result "1/2-1/2"]
[WhiteElo "2405"]
[BlackElo "2305"]
[PlyCount "144"]
[EventDate "1999.07.??"]
[EventType "swiss"]
[EventRounds "9"]
[EventCountry "AUT"]
[SourceTitle "EXT 2000"]
[Source "ChessBase"]
[SourceDate "1999.11.16"]
[SourceVersion "1"]
[SourceVersionDate "1999.11.16"]
[SourceQuality "1"]

1. d4 d5 2. Nf3 e6 3. e3 c5 4. b3 Nf6 5. Bd3 cxd4 6. exd4 Bb4+ 7. c3 Be7 8. 0-0 Nc6 9. Bb2 0-0 10. Nbd2 b6 11. Qe2 Bb7 12. Ne5 Re8 13. f4 Bf8 14. Ndf3 g6 15. Ng5 Re7 16. Rae1 Qc8 17. Rf3 h6 18. Nh3 Bg7 19. Ba3 Re8 20. Re3 Qc7 21. Nxg6 fxg6 22. Bxg6 Red8 23. Rxe6 Bc8 24. Re3 Bg4 25. Qd3 Bf8 26. Bxf8 Rxf8 27. Nf2 Qxf4 28. g3 Qc7 29. Bf5 Bh5 30. Be6+ Kg7 31. Nh3 Bg6 32. Bf5 Bxf5 33. Qxf5 Qc8 34. Re6 Nd8 35. Re7+ Rf7 36. Qe5 Nc6 37. Rxf7+ Kxf7 38. Qd6 Qd7 39. Qxd7+ Nxd7 40. Nf4 Nf6 41. Rf1 Rd8 42. Kg2 b5 43. g4 Rd6 44. h4 Nxg4 45. Nxd5+ Kg7 46. Nc7 Ne3+ 47. Kh3 Nxf1 48. Ne8+ Kg6 49. Nxd6 b4 50. d5 bxc3 51. dxc6 c2 52. c7 c1Q 53. c8Q Qe3+ 54. Kg2 Qd2+ 55. Kxf1 Qxd6 56. Qg4+ Kf6 57. Qf3+ Kg6 58. a4 Qd4 59. Qc6+ Kf5 60. Qc2+ Ke5 61. Qh2+ Kd5 62. Qg2+ Kc5 63. Qb7 Qf4+ 64. Ke2 Qh2+ 65. Ke3 Qg3+ 66. Qf3 Qxh4 67. Qf8+ Kb6 68. Qb8+ Kc6 69. Qb5+ Kc7 70. Qc5+ Kb7 71. Qd5+ Kc7 72. Qc5+ Kb7 1/2-1/2

[Event "Oberwart op"]
[Site "Oberwart"]
[Date "1999.??.??"]
[Round "3"]
[White "Herbst, Daniel"]
[Black "Koenig, Dietrich"]
[Result "0-1"]
[WhiteElo "2103"]
[BlackElo "2305"]
[PlyCount "118"]
[EventDate "1999.07.??"]
[EventType "swiss"]
[EventRounds "9"]
[EventCountry "AUT"]
[SourceTitle "EXT 2000"]
[Source "ChessBase"]
[SourceDate "1999.11.16"]
[SourceVersion "1"]
[SourceVersionDate "1999.11.16"]
[SourceQuality "1"]

1. e4 d5 2. exd5 Qxd5 3. Nc3 Qa5 4. b4 Qxb4 5. Rb1 Qd6 6. Qf3 c6 7. Bc4 e6 8. Nge2 Nf6 9. d4 Qc7 10. Ng3 Nbd7 11. 0-0 Be7 12. Bf4 Qd8 13. Nce4 Nxe4 14. Nxe4 Nf6 15. Be5 Nxe4 16. Qxe4 0-0 17. Rb3 g6 18. Rh3 f5 19. Qe3 Bf6 20. Re1 b5 21. Bb3 a5 22. a3 Rf7 23. Qc3 a4 24. Ba2 Qa5 25. Qxa5 Rxa5 26. Bxf6 Rxf6 27. f4 Ra8 28. Rhe3 Kf7 29. Re5 Bd7 30. R1e3 Rb8 31. c3 h6 32. Rh3 Kg7 33. Rhe3 Re8 34. Rg3 Rff8 35. Kf2 Kf6 36. Rh3 Rh8 37. Rhe3 g5 38. Kf3 Rhg8 39. g3 h5 40. fxg5+ Rxg5 41. Kf2 h4 42. c4 bxc4 43. Rc5 Rb8 44. Re2 hxg3+ 45. hxg3 Rbg8 46. Re3 f4 47. Rf3 Rxg3 48. Rxf4+ Ke7 49. Bxc4 Rxa3 50. Ra5 Rb8 51. Re4 Rb2+ 52. Re2 Rxe2+ 53. Kxe2 Rc3 54. Rc5 Kd6 55. Kd2 Rg3 56. Ra5 a3 57. Bd3 Be8 58. Ra8 Bg6 59. Bc4 Be4 0-1

[Event "AUT-chT 9899"]
[Site "Austria"]
[Date "1999.??.??"]
[Round "?"]
[White "Koenig, Dietrich"]
[Black "Duer, Arne"]
[Result "1/2-1/2"]
[WhiteElo "2305"]
[BlackElo "2380"]
[PlyCount "30"]
[EventDate "1998.??.??"]
[EventType "team"]
[EventRounds "11"]
[EventCountry "AUT"]
[SourceTitle "EXT 2000"]
[Source "ChessBase"]
[SourceDate "1999.11.16"]
[SourceVersion "1"]
[SourceVersionDate "1999.11.16"]
[SourceQuality "1"]

1. d4 d6 2. e4 Nf6 3. Nc3 g6 4. Be3 c6 5. Qd2 b5 6. Bd3 Nbd7 7. a4 b4 8. Nce2 a5 9. f3 Ba6 10. Nh3 Qb6 11. Nf2 Bg7 12. c4 bxc3 13. bxc3 Bxd3 14. Qxd3 Qa6 15. Qxa6 Rxa6 1/2-1/2

[Event "AUT-chT 9899"]
[Site "Austria"]
[Date "1999.??.??"]
[Round "?"]
[White "Koenig, Dietrich"]
[Black "Stanec, Nikolaus"]
[Result "0-1"]
[WhiteElo "2305"]
[BlackElo "2485"]
[PlyCount "40"]
[EventDate "1998.??.??"]
[EventType "team"]
[EventRounds "11"]
[EventCountry "AUT"]
[SourceTitle "EXT 2000"]
[Source "ChessBase"]
[SourceDate "1999.11.16"]
[SourceVersion "1"]
[SourceVersionDate "1999.11.16"]
[SourceQuality "1"]

1. d4 Nf6 2. Nf3 g6 3. Bg5 Bg7 4. Nbd2 0-0 5. e4 d5 6. exd5 Nxd5 7. c3 b6 8. Bc4 Bb7 9. 0-0 Nd7 10. Re1 Re8 11. Qb3 Nf8 12. a4 a6 13. Bh4 f6 14. Bg3 Kh8 15. Re2 e6 16. Rae1 Qd7 17. Qa3 g5 18. h4 g4 19. Nh2 f5 20. Be5 Bxe5 0-1